Fr. Conceicao Rodrigues College of Engineering

Metal Forming : Fundamentals and Application (Record no. 25324)

MARC details
000 -LEADER
fixed length control field 00354nam a2200145Ia 4500
082 ## - DEWEY DECIMAL CLASSIFICATION NUMBER
Classification number 671.30202
Item number ATL/O
100 ## - MAIN ENTRY--PERSONAL NAME
Personal name Altan/ T/ OH/ S H Gegal
245 ## - TITLE STATEMENT
Title Metal Forming : Fundamentals and Application
260 ## - PUBLICATION, DISTRIBUTION, ETC.
Name of publisher, distributor, etc. American Socty for metals
Date of publication, distribution, etc. 1983
300 ## - PHYSICAL DESCRIPTION
Extent 353
546 ## - LANGUAGE NOTE
Language note ENGLISH
654 ## - SUBJECT ADDED ENTRY--FACETED TOPICAL TERMS
Focus term metal forming
942 ## - ADDED ENTRY ELEMENTS (KOHA)
Koha item type BOOK
Holdings
Withdrawn status Lost status Damaged status Not for loan Collection Home library Current library Date acquired Total Checkouts Full call number Barcode Date last seen Price effective from Koha item type
        CRC Fr. Agnel's C.Rodrigues College of Engineering Fr. Agnel's C.Rodrigues College of Engineering 17/03/2023   671.30202 ATL/O 12409 17/03/2023 17/03/2023 BOOK